| 000 | 00451nam a2200193Ia 4500 | ||
|---|---|---|---|
| 008 | 170705s9999 xx 000 0 und d | ||
| 020 | _a9780545493109 | ||
| 245 | _aAmong the brave / | ||
| 245 | _cMargaret Peterson Haddix. | ||
| 260 | _aNew York : | ||
| 260 | _bScholastic, | ||
| 260 | _c2004 | ||
| 300 | _a229 pages : | ||
| 300 | _bcolor illustration ; | ||
| 300 | _c19cm. | ||
| 440 | _aShadow children ; | ||
| 440 | _v5 | ||
| 500 | _a750 | ||
| 999 |
_c336361 _d336361 |
||